Manual de maquinaria de construcción
Gardado en:
| Formato: | Libro |
|---|---|
| Idioma: | Spanish |
| Publicado: |
Madrid : McGraw-Hill,
2001
|
| Materias: | |
| Etiquetas: |
Engadir etiqueta
Sen Etiquetas, Sexa o primeiro en etiquetar este rexistro!
|
MARC
| LEADER | 00000nam a2200000Ia 4500 | ||
|---|---|---|---|
| 003 | 003864 | ||
| 005 | 20240131100710.0 | ||
| 008 | 140114s2001 sp a 000 ||spa d | ||
| 020 | |a 84-481-3028-6 | ||
| 040 | |c cru CEDI | ||
| 082 | |a 621.8 D542m | ||
| 245 | |a Manual de maquinaria de construcción | ||
| 260 | |a Madrid : McGraw-Hill, |c 2001 | ||
| 300 | |a XXXV, 749 páginas + 1 Disco compacto | ||
| 650 | |x MAQUINAS DE CONSTRUCCION |x MAQUINARIA |x - MANUALES |x CONSTRUCCION | ||
| 942 | |2 ddc |c LIBRO |h 621.8 D542m |i 003864 |6 621_800000000000000_D542M_003864 | ||
| 999 | |c 12795 |d 12795 | ||



